Logo BPK

Biblioteka

Politechniki Koszalińskiej

Pratique de L'automatisation integree / (Rekord nr 27290)

Szczegóły MARC
000 -ETYKIETA REKORDU
podpole kontrolne o stałej długości 00408nam a2200157 i 4500
001 - NUMER KONTROLNY REKORDU
pole kontrolne bg
040 ## - ŹRÓDŁO KATALOGOWANIA
Instytucja, która utworzyła rekord BPK
041 ## - KOD JĘZYKA
Kod języka tekstu pol
008 - POLE O STAŁEJ DŁUGOŚCI - DANE KONTROLNE
podpole kontrolne o stałej długości s pl f |000 0 pol
100 1# - NAZWA OSOBOWA
Nazwa osobowa PUN, Lucas
245 #0 - TYTUŁ/ODPOWIEDZIALNOŚĆ
Tytuł Pratique de L'automatisation integree /
Pozostałe elementy strefy tytułu i oznaczenia odpowiedzialności Lucas Pun, Javier Aracil, Jean Luis Abratut.
260 ## - STREFA ADRESU WYDAWNICZEGO
Miejsce wydania Bordas,
Data publikacji, dystrybucji/powstania dokumentu 1975.
700 1# - HASŁO DODATKOWE - NAZWA OSOBOWA
Nazwa osobowa ARACIL, Javier
700 1# - HASŁO DODATKOWE - NAZWA OSOBOWA
Nazwa osobowa ABRATUT, Jean Luis
942 ## - DODATKOWE ELEMENTY (KOHA)
Typ dokumentu Książka
Egzemplarze
Wycofany Status egzemplarza Uszkodzony Dostępność Lokalizacja stała Lokalizacja bieżąca Miejsce przechowywania Sygnatura Kod kreskowy Typ dokumentu
      Dostępny Biblioteka Politechniki Koszalińskiej Biblioteka Politechniki Koszalińskiej Wypożyczalnia BG 20898 01693782 Książka
© 2023 Biblioteka Politechniki Koszalińskiej :: KOHA